书目信息 |
| 题名: |
儿童绘画与心理治疗
|
|
| 作者: | 玛考尔蒂 著 ;李甦 , 李晓庆 译 | |
| 分册: | ||
| 出版信息: | 北京 中国轻工业出版社 2005 |
|
| 页数: | 12,295页 | |
| 开本: | 21cm | |
| 丛书名: | 心理咨询与治疗系列 | |
| 单 册: | ||
| 中图分类: | G613.6 , R749.940.5 , R749.394 | |
| 科图分类: | ||
| 主题词: | 儿童心理学--绘画心理学 , 儿童心理学 , 绘画心理学 , 儿童精神病学--精神疗法 , 精神疗法 , 儿童精神病学 , 精神病学 | |
| 电子资源: | ||
| ISBN: | 7-5019-4721-X | |
| 000 | 01548nam0 2200421 450 | |
| 000 | 01516nam0 2200397 450 | |
| 000 | 01447nam0 2200373 450 | |
| 000 | 01411nam0 2200361 45 | |
| 005 | 20070727092213.88 | |
| 010 | @a7-5019-4721-X@dCNY18.00 | |
| 100 | @a20070706d2005 em y0chiy0120 ea | |
| 101 | 0 | @achi |
| 102 | @aCN@b110000 | |
| 105 | @aa z 000yy | |
| 200 | 1 | @a儿童绘画与心理治疗@AEr Tong Hui Hua Yu Xin Li Zhi Liao@e解读儿童画@EJie Dou Er Tong Hua@f(美)Cathy A.Malchiodi著@F( Mei )Cathy A.Malchiodi Zhu@g李甦,李晓庆译 |
| 210 | @a北京@c中国轻工业出版社@d2005 | |
| 215 | @a12,295页@c图@d21cm | |
| 225 | 2 | @a心理咨询与治疗系列 |
| 300 | @a万千心理 | |
| 330 | @a本书把大量的理论知识与丰富的临床经验整合起来,用生动易懂的语言对如何使用绘画活动进行心理治疗给予了清晰而详尽的阐述。综合大量来自实证和临床研究的数据,提出绘画过程和绘画内容都是儿童表达思想和情感的工具的观点。 | |
| 410 | 0 | @12001 @a心理咨询与治疗系列 |
| 510 | 1 | @aUnderstanding Children's Drawings@zeng |
| 517 | 1 | @a解读儿童画@AJie Dou Er Tong Hua |
| 606 | 0 | @a儿童心理学@x绘画心理学 |
| 606 | 0 | @a儿童心理学 |
| 606 | 0 | @a绘画心理学 |
| 606 | 0 | @a儿童精神病学@x精神疗法 |
| 606 | 0 | @a精神疗法 |
| 606 | 0 | @a儿童精神病学 |
| 606 | 0 | @a精神病学 |
| 690 | @aG613.6@v4 | |
| 690 | @aR749.940.5@v4 | |
| 690 | @aR749.394@v3 | |
| 701 | 1 | @c(美)@a玛考尔蒂@AMa Kao Er Di@c(女,@gMalchiodi, Cathy A.)@4著 |
| 702 | 0 | @a李甦@ALi甦@4译 |
| 702 | 0 | @a李晓庆@ALi Xiao Qing@c(翻译)@4译 |
| 801 | 0 | @aCN@bTAOJIN@c20070727 |
| 905 | @a10447@dR749.394@e47 | |
| 儿童绘画与心理治疗:解读儿童画/(美)Cathy A.Malchiodi著/李甦,李晓庆译 .-北京:中国轻工业出版社,2005 |
| 12,295页:图;21cm.-(心理咨询与治疗系列) |
| 万千心理 |
| ISBN 7-5019-4721-X:CNY18.00 |
| 本书把大量的理论知识与丰富的临床经验整合起来,用生动易懂的语言对如何使用绘画活动进行心理治疗给予了清晰而详尽的阐述。综合大量来自实证和临床研究的数据,提出绘画过程和绘画内容都是儿童表达思想和情感的工具的观点。 |
| ● |
| 相关链接 |
|
|
|
|
正题名:儿童绘画与心理治疗
索取号:R749.394/47
 
预约/预借
| 序号 | 登录号 | 条形码 | 馆藏地/架位号 | 状态 | 备注 |
| 1 | 0820380 | 208203807 | 第二样本阅览室/ [索取号:R749.394/47] | 在馆 | |
| 2 | 0820381 | 208203816 | 第三借阅区/ [索取号:R749.394/47] | 在馆 | |
| 3 | 0820382 | 208203825 | 第三借阅区/ [索取号:R749.394/47] | 在馆 | |
| 4 | 0820383 | 208203834 | 教育系资料室/ [索取号:R749.394/47] | 在馆 | |
| 5 | 0820384 | 208203843 | 教育系资料室/ [索取号:R749.394/47] | 在馆 |